000 00843cab a2200241 4500
001 WB2824-59
008 090401t1992 xxu||||| |||| 00| 0 eng d
035 _a(Sirsi) u39430
041 _aeng
245 _aAttempt to keep the rivers flowing
260 _c1992
350 _a0
490 _aIndependent
_v16 June 1992, 6
490 _aTimes
_v15 June 1992, 3(2)
520 _aThe National Rivers Authority has responded to conservationists plea to save dried-up rivers by asking water companies to reduce the amount of water currently being extracted from the rivers, including the River Darwent near Dartford. Map shows the 40 rivers showing cause for concern.
650 _aDROUGHT
650 _aEXTRACTION
650 _aNATIONAL RIVERS AUTHORITY
650 _aRIVERS
690 _aWATER
942 _n0
948 _c04/03/1997
999 _c25317
_d25317